<?xml version="1.0" encoding="UTF-8"?>
<record
    xmlns:xsi="http://www.w3.org/2001/XMLSchema-instance"
    xsi:schemaLocation="http://www.loc.gov/MARC21/slim http://www.loc.gov/standards/marcxml/schema/MARC21slim.xsd"
    xmlns="http://www.loc.gov/MARC21/slim">

  <leader>00469nam a2200169Ia 4500</leader>
  <controlfield tag="003">3228</controlfield>
  <controlfield tag="005">20250217120624.0</controlfield>
  <controlfield tag="008">210816s9999    xx            000 0 und d</controlfield>
  <datafield tag="020" ind1=" " ind2=" ">
    <subfield code="a">9780273729297</subfield>
    <subfield code="q">Paperback</subfield>
  </datafield>
  <datafield tag="040" ind1=" " ind2=" ">
    <subfield code="a">RDA</subfield>
    <subfield code="c">3228</subfield>
  </datafield>
  <datafield tag="082" ind1=" " ind2=" ">
    <subfield code="a">005.265 MYER</subfield>
  </datafield>
  <datafield tag="100" ind1=" " ind2=" ">
    <subfield code="a">Myer, Tom</subfield>
    <subfield code="9">18540</subfield>
  </datafield>
  <datafield tag="245" ind1=" " ind2="0">
    <subfield code="a">Mac basics in simple steps </subfield>
  </datafield>
  <datafield tag="260" ind1=" " ind2=" ">
    <subfield code="a">Halow, England:</subfield>
    <subfield code="b">Pearson Prentice Hall;</subfield>
    <subfield code="c">2010.</subfield>
  </datafield>
  <datafield tag="300" ind1=" " ind2=" ">
    <subfield code="a">263 Pages</subfield>
    <subfield code="b">Colour illustrations</subfield>
    <subfield code="c">23 cm</subfield>
  </datafield>
  <datafield tag="942" ind1=" " ind2=" ">
    <subfield code="c">BK</subfield>
    <subfield code="2">ddc</subfield>
    <subfield code="y">162</subfield>
    <subfield code="z">Elsie Maluleke</subfield>
  </datafield>
  <datafield tag="999" ind1=" " ind2=" ">
    <subfield code="c">84412</subfield>
    <subfield code="d">84411</subfield>
  </datafield>
  <datafield tag="952" ind1=" " ind2=" ">
    <subfield code="0">0</subfield>
    <subfield code="1">0</subfield>
    <subfield code="4">0</subfield>
    <subfield code="7">0</subfield>
    <subfield code="a">HLHLL</subfield>
    <subfield code="b">HLHLL</subfield>
    <subfield code="d">2021-08-17</subfield>
    <subfield code="g">28.00</subfield>
    <subfield code="l">0</subfield>
    <subfield code="p">33228017802149</subfield>
    <subfield code="r">2021-08-17</subfield>
    <subfield code="w">2021-08-17</subfield>
    <subfield code="y">BK</subfield>
  </datafield>
  <datafield tag="952" ind1=" " ind2=" ">
    <subfield code="0">0</subfield>
    <subfield code="1">0</subfield>
    <subfield code="2">ddc</subfield>
    <subfield code="4">0</subfield>
    <subfield code="7">0</subfield>
    <subfield code="a">MASHL</subfield>
    <subfield code="b">MASHL</subfield>
    <subfield code="d">2025-02-17</subfield>
    <subfield code="l">0</subfield>
    <subfield code="o">005.265 MYER</subfield>
    <subfield code="p">33228020646210</subfield>
    <subfield code="r">2025-02-17</subfield>
    <subfield code="w">2025-02-17</subfield>
    <subfield code="y">BK</subfield>
  </datafield>
  <datafield tag="952" ind1=" " ind2=" ">
    <subfield code="0">0</subfield>
    <subfield code="1">0</subfield>
    <subfield code="2">ddc</subfield>
    <subfield code="4">0</subfield>
    <subfield code="7">0</subfield>
    <subfield code="8">3228</subfield>
    <subfield code="a">MPSTL</subfield>
    <subfield code="b">MPSTL</subfield>
    <subfield code="c">GEN</subfield>
    <subfield code="d">2026-05-29</subfield>
    <subfield code="g">156.00</subfield>
    <subfield code="l">0</subfield>
    <subfield code="o">005.265 MYER</subfield>
    <subfield code="p">33228020645626</subfield>
    <subfield code="r">2026-05-29</subfield>
    <subfield code="v">156.00</subfield>
    <subfield code="w">2026-05-29</subfield>
    <subfield code="y">BK</subfield>
  </datafield>
</record>
